000 02331nam a22002297a 4500
003 DO-SdBNP
005 20210827130741.0
007 ta
008 210826e2018 dr ||||er|||| 001 jdspa d
020 _a9789945609448
040 _aDO-SdBNP
_bspa
_cBNPHU
041 _hspa
082 _bC744m
111 _aConcurso Mujeres inspiradoras
_cSanto Domingo
_dmarzo, 2018:)
_e(Embajada de Francia,
_979601
245 1 2 _aMujeres inspiradoras:
_brelatos dominicanos /
_cSouad de Gómez, pról.
260 _aSanto Domingo :
_bEditorial Santuario,
_c2018
300 _a138 p.:
_bil., retr.;
_c23 cm
505 _aNotas y agradecimientos.
_tPrólogo. /
_uSouad de Gómez.--
_tIntroducción. /
_uMartha E. Puello Ventura.--
_tMi Santa Clo. /
_uNirelis E. Puello Ventura.--
_tReyna. /
_uAgueda Pizarro Romero.--
_tEntrevista imaginaria a Petronila Angélica Gómez. /
_uElvira Lora Pena.--
_t¡Cuántas cosas te agradezco!. /
_uLuz Dary Suarez B.--
_tNeidi. /
_uRosana Catano.--
_tLa política y la adolescente. /
_uElidenia Velásquez de Peguero.--
_tElena Galarza-La Heroína de fuego. /
_uArlene Sabaris Terrero.--
_tno recuerdo su nombre. /
_uEllen Pérez Ducy.--
_tTía Pura. /
_uPriscila Velasquéz Rivera.--
_t¿Verdad que no me vas a dejar solo?./
_uMaría Jose Flóres- Estrado Ponce de León.--
_tMi querida Doña Chana.--
_uPatty Abud.--
_tMami Mirtha. /
_uJulissa Altagracia Báez.--
_tLa heroína de mil batallas. /
_uBárbara hernández.-
_t¡Ayayay...suegra!. /
_uBienvenida Mendoza Benitez.--
_tMaría de los Ángeles. /
_uMartha María Infante Payano.--
_tAl calor de un recuerdo. /
_uEugenia Esther Rosario Gómez.--
_tA doña Ercida Grullón Bencosmes, mi madre. /
_uMaría Estel Camacho Grullón.--
_tLuisitania Martínez: hecha a su medida.
_uLauristely Peña Solano.--
_tLa mujer que más admiro. /
_uCarmen Anicia Valer Medina.--
_tA ella.Un poema sobre mi madre. /
_uAlexis Brunilda Márquez Hernández.--
_tLas marchantas de parra (Poema). /
_uFanny Santana.--
_tAlma grande, alma líquida. /
_tIngrid Cabral.--
_tUna madre peculiar. /
_uAna Julia Lozano.--
_tLa silueta de mi madre. /
_uJhenery Ramírez Sosa.--
_tCambiar. /
_uMarial Moreno Gómez.--
_t¿Quién es mi mayor inspiración?
_uLisbeth Alexandeer Rivas.--
_tLa desición correcta. /
_uJ. Felipe Meregildo.--
590 _aInventariado 2021/ MF
700 1 2 _aGomez, Souad de,
_e pról.
_979603
942 _2ddc
_cLBS1
999 _c50300
_d50300